| 000 | 00655nam a2200241Ia 4500 | ||
|---|---|---|---|
| 008 | 160803s9999 xx 000 0 und d | ||
| 020 | _a0 439237718 | ||
| 100 | _aWhybrow, Ian | ||
| 245 | _aSammy and the dinosaurs / | ||
| 245 | _cby Ian Whybrow ; illustrated by Adrian Reynolds. | ||
| 260 | _aNew York : | ||
| 260 | _bScholastic Inc. | ||
| 260 | _c1999 | ||
| 300 | _a26 unnumbered pages : | ||
| 300 | _bcolor illustrations ; | ||
| 300 | _c27 cm | ||
| 500 | _aOriginally published: New York : Orchard Books Inc., c1999. | ||
| 650 | _aDinosaurs -- | ||
| 650 | _aToys -- | ||
| 650 | _xFiction. | ||
| 650 | _xFiction. | ||
| 700 | _a220 | ||
| 999 |
_c298950 _d298950 |
||